An introduction to social psychology / (Record no. 33085)
[ view plain ]
| 000 -LEADER | |
|---|---|
| fixed length control field | 00763nam a22002531 4500 |
| 001 - CONTROL NUMBER | |
| control field | 33085 |
| 003 - CONTROL NUMBER IDENTIFIER | |
| rucl marc code | BD-RjUL |
| 005 - DATE AND TIME OF LATEST TRANSACTION | |
| control field | 20211209051937.0 |
| 008 - FIXED-LENGTH DATA ELEMENTS--GENERAL INFORMATION | |
| fixed length control field | 140430r19631960enka b 001 0 eng |
| 035 ## - SYSTEM CONTROL NUMBER | |
| System control number | (BD-RjUL)33176 |
| 040 ## - CATALOGING SOURCE | |
| Original cataloging agency | DLC |
| Transcribing agency | DLC |
| Modifying agency | DLC |
| -- | BD-RjUL |
| Language of cataloging | eng |
| 041 ## - LANGUAGE CODE | |
| Language code of text/sound track or separate title | eng |
| 082 00 - DEWEY DECIMAL CLASSIFICATION NUMBER | |
| Classification number | 301.15 |
| Author mark and year | MCI 1963 |
| 100 1# - MAIN ENTRY--PERSONAL NAME | |
| Personal name | McDougall, William, |
| Dates associated with a name | 1871-1938. |
| 9 (RLIN) | 86718 |
| 245 03 - TITLE STATEMENT | |
| Title | An introduction to social psychology / |
| Statement of responsibility, etc. | by William McDougall. |
| 260 ## - PUBLICATION, DISTRIBUTION, ETC. (IMPRINT) | |
| Place of publication, distribution, etc. | London : |
| Name of publisher, distributor, etc. | Methuen ; |
| -- | Barnes & Noble, |
| Date of publication, distribution, etc. | 1963. |
| 300 ## - PHYSICAL DESCRIPTION | |
| Pagination | xxix, 524 p. : |
| Illustrations | illu. ; |
| Size | 21 cm. |
| 490 0# - SERIES STATEMENT | |
| Series statement | University paperbacks |
| Volume/sequential designation | UP-6 |
| 504 ## - BIBLIOGRAPHY, ETC. NOTE | |
| Bibliography, etc | Includes bibliography and index. |
| 650 #0 - SUBJECT ADDED ENTRY--TOPICAL TERM | |
| Topical term or geographic name as entry element | Social psychology. |
| 9 (RLIN) | 100534 |
| 942 ## - ADDED ENTRY ELEMENTS (KOHA) | |
| Source of classification or shelving scheme | Dewey Decimal Classification |
| Koha item type | Books |
| Lost status | Source of classification or shelving scheme | Damaged status | Not for loan | Collection code | Permanent Location | Current Location | Shelving location | Date acquired | Source of acquisition | Cost, normal purchase price | Total Checkouts | Full call number | Date last seen | Date checked out | Copy number | Koha item type |
|---|---|---|---|---|---|---|---|---|---|---|---|---|---|---|---|---|
| Dewey Decimal Classification | Non-fiction | Central Library, University of Rajshahi | Central Library, University of Rajshahi | 25/05/1965 | Thomas and Thomas | 11.25 | 1 | 301.15 MCI 1963 | 11/11/2018 | 30/10/2018 | C-4 | Books | ||||
| Dewey Decimal Classification | Not For Loan | Non-fiction | Central Library, University of Rajshahi | Central Library, University of Rajshahi | Reading Room | 02/03/1955 | O.U.P | 14.00 | 301.15 MCI 1963 | 17/05/2014 | C-1 | Books |